States With the Most Chickens - Statistics

General Stats
  • This quiz has been taken 14 times
  • The average score is 7 of 10
Answer Stats
Chickens State % Correct
30.52 Million Chickens Texas
100%
32.54 Million Chickens Pennsylvania
77%
45.73 Million Chickens Indiana
69%
54.95 Million Chickens Iowa
69%
52.69 Million Chickens Ohio
69%
26.56 Million Chickens Arkansas
62%
21.09 Million Chickens Michigan
62%
25.07 Million Chickens North Carolina
62%
20.4 Million Chickens Alabama
54%
31.64 Million Chickens Georgia
46%
No matching quizzes found
Score Distribution
Percent of People with Each Score
Percentile by Number Answered
Your Score History
You have not taken this quiz